Bad news for rogue estate agents (Record no. 64864)

MARC details
000 -LEADER
fixed length control field 01013cam a2200229 4500
001 - CONTROL NUMBER
control field WB3639-31
008 - FIXED-LENGTH DATA ELEMENTS--GENERAL INFORMATION
fixed length control field 000000n2000 000 0 eng u
035 ## - SYSTEM CONTROL NUMBER
System control number (Sirsi) u108646
245 ## - TITLE STATEMENT
Title Bad news for rogue estate agents
260 ## - PUBLICATION, DISTRIBUTION, ETC.
Date of publication, distribution, etc. 2000
490 ## - SERIES STATEMENT
Series statement OFT Press Release
Volume/sequential designation (39/00) 27 September 2000 (2)
520 ## - SUMMARY, ETC.
Summary, etc. A court ruling confirms that estate agents can be banned after a single case of specified malpractice, providing greater protection for consumers. The decision follows a judicial review case brought by Benhams Ltd, who challenged the Office of Fair Trading's view that no action could be taken against estate agents on the basis of one instance of malpractice.
590 ## - LOCAL NOTE (RLIN)
Local note WB
650 ## - SUBJECT ADDED ENTRY--TOPICAL TERM
Topical term or geographic name entry element CONSUMER PROTECTION
650 ## - SUBJECT ADDED ENTRY--TOPICAL TERM
Topical term or geographic name entry element ESTATE AGENTS
650 ## - SUBJECT ADDED ENTRY--TOPICAL TERM
Topical term or geographic name entry element ESTATE AGENTS ACT 1979
650 ## - SUBJECT ADDED ENTRY--TOPICAL TERM
Topical term or geographic name entry element ESTATE AGENTS (UNDESIRABLE PRACTICES) (NO 2) ORDER 1991
650 ## - SUBJECT ADDED ENTRY--TOPICAL TERM
Topical term or geographic name entry element BENHAMS LTD
650 ## - SUBJECT ADDED ENTRY--TOPICAL TERM
Topical term or geographic name entry element MALPRACTICE
690 ## - LOCAL SUBJECT ADDED ENTRY--TOPICAL TERM (OCLC, RLIN)
Topical term or geographic name as entry element MANAGEMENT-BUSINESS MANAGEMENT-PROFESSIONAL PRACTICE
942 ## - ADDED ENTRY ELEMENTS (KOHA)
Suppress in OPAC 0
Holdings
Withdrawn status Lost status Source of classification or shelving scheme Damaged status Not for loan Home library Current library Shelving location Date acquired Total Checkouts Full call number Barcode Date last seen Copy number Price effective from Koha item type
    Dewey Decimal Classification     London London News article 05/10/2000   WB3639-31 108646-1001 06/08/2019 1 06/08/2019 News article